|
|
|
|
| LEADER |
00000cam a2200000 a 4500 |
| 001 |
vtls010625799 |
| 003 |
SK-MaSNL |
| 005 |
20260425224139.0 |
| 008 |
240315q2014 xr a c 000 m slo |
| 015 |
|
|
|a SNBZSA2015
|
| 020 |
|
|
|a 9788073533328
|q (viaz.)
|
| 035 |
|
|
|a DC7319A3-CD54-4FA3-A93E-4D5539D0281B
|
| 035 |
|
|
|a urn:nbn:sk:snk-aml2ou
|
| 035 |
|
|
|a urn:nbn:sk:snk-am008lqn
|
| 040 |
|
|
|a SNK
|b slo
|c SNK
|e AACR2
|
| 041 |
1 |
|
|a slo
|h cze
|
| 043 |
|
|
|a e-xr---
|
| 044 |
|
|
|a xr
|c CZ
|
| 072 |
|
7 |
|a 398
|x Folklór
|2 konspekt
|
| 072 |
|
7 |
|a 0/9-053.2
|x Literatúra pre deti a mládež (náučná)
|2 konspekt
|
| 080 |
|
|
|a 398.332.414
|2 2001
|
| 080 |
|
|
|a 398.332.416
|2 2001
|
| 080 |
|
|
|a 272-565
|2 2001
|
| 080 |
|
|
|a 783.65
|2 2001
|
| 080 |
|
|
|a 27-36
|2 2001
|
| 080 |
|
|
|a (0.062)
|2 2001
|
| 080 |
|
|
|a 821-93
|2 2001
|
| 080 |
|
|
|a (0.053.2)
|2 2001
|
| 080 |
|
|
|a (048.8)
|2 2001
|
| 080 |
|
|
|a (0:82-192)
|2 2001
|
| 080 |
|
|
|a (437.3)
|2 2001
|
| 080 |
|
|
|a (100)
|2 2001
|
| 100 |
1 |
|
|a Šulc, Petr,
|d 1961-
|4 aut
|9 143772
|
| 245 |
1 |
0 |
|a Čarovné Vianoce
|b vianočné zvyky a koledy
|c [Petr Šulc, Jaroslav Krček ; ilustrácie Kateřina Sládková ; notové zápisy Karel Jakubů]
|
| 246 |
3 |
0 |
|a Vianočné zvyky a koledy
|
| 260 |
|
|
|a Praha
|b Pierot
|c [2014]
|
| 300 |
|
|
|a 94 s.
|b fareb. ilustr., noty
|c 23 x 25 cm
|e 1 CD
|
| 500 |
|
|
|a Pravdepodobne preložené z češtiny
|
| 500 |
|
|
|a Obálový podnázov : tradičné zvyky a koledy
|
| 500 |
|
|
|a Na obálke: CD naspievala Musica Bohemica
|
| 650 |
0 |
7 |
|a advent
|2 SNKPH
|9 738
|
| 650 |
0 |
7 |
|a Vianoce
|2 SNKPH
|9 3412
|
| 650 |
0 |
7 |
|a katolícke sviatky
|2 SNKPH
|9 68743
|
| 650 |
0 |
7 |
|a adventné zvyky
|2 SNKPH
|9 78875
|
| 650 |
0 |
7 |
|a vianočné zvyky
|2 SNKPH
|9 69817
|
| 650 |
0 |
7 |
|a advent
|2 SNKPHeng
|9 738
|
| 650 |
0 |
7 |
|a Christmas
|2 SNKPHeng
|9 304887
|
| 650 |
0 |
7 |
|a Catholic festivals
|2 SNKPHeng
|9 323654
|
| 650 |
0 |
7 |
|a Advent customs
|2 SNKPHeng
|9 254555
|
| 650 |
0 |
7 |
|a Christmas customs
|2 SNKPHeng
|9 360814
|
| 650 |
0 |
7 |
|a koledy
|2 SNKPH
|9 3441
|
| 650 |
0 |
7 |
|a Carols
|2 SNKPHeng
|9 319942
|
| 650 |
0 |
7 |
|a kresťanskí svätci
|2 SNKPH
|9 1605
|
| 650 |
0 |
7 |
|a Christian saints
|2 SNKPHeng
|9 282519
|
| 651 |
|
7 |
|a Česko
|2 SNKPH
|9 16753
|
| 651 |
|
7 |
|a Czechia
|2 SNKPHeng
|9 170107
|
| 651 |
|
7 |
|a Countries of the world
|2 SNKPHeng
|9 266838
|
| 651 |
|
7 |
|a krajiny sveta
|2 SNKPH
|9 253334
|
| 655 |
|
7 |
|a populárno-náučné publikácie
|2 SNKPH
|9 70460
|
| 655 |
|
7 |
|a publikácie pre deti
|2 SNKPH
|9 70148
|
| 655 |
|
7 |
|a Popular works
|2 SNKPHeng
|9 90287
|
| 655 |
|
7 |
|a Children's literature
|2 SNKPHeng
|9 276039
|
| 655 |
|
7 |
|a prehľady
|2 SNKPH
|9 70194
|
| 655 |
|
7 |
|a Surveys
|2 SNKPHeng
|9 266058
|
| 655 |
|
7 |
|a spevníky
|2 SNKPH
|9 70506
|
| 655 |
|
7 |
|a Songbooks
|2 SNKPHeng
|9 288744
|
| 700 |
1 |
|
|a Krček, Jaroslav,
|d 1939-
|4 aut
|9 124535
|
| 700 |
1 |
|
|a Sládková, Kateřina
|4 ill
|9 360815
|
| 700 |
1 |
|
|a Jakubů, Karel
|4 clb
|9 360816
|
| 919 |
|
|
|a 978-80-7353-332-8
|
| 958 |
|
|
|a ZS
|
| 958 |
|
|
|a DB
|
| 958 |
|
|
|a LX
|
| 958 |
|
|
|a UP
|
| 958 |
|
|
|a SK
|
| 958 |
|
|
|a CZ
|
| 958 |
|
|
|a NT
|
| 999 |
|
|
|c 605413
|d 607343
|
| 952 |
|
|
|a SNK
|b SNK
|y PREZ
|7 0
|p 17A1141848
|o snkSC 163975
|i snk2015/9912
|8 4
|g 7.63
|3 Dokument obsahuje prílohu - 1 CD
|0 0
|1 0
|4 0
|d 2015-03-06
|f 1
|l 0
|r 2025-08-28 00:00:00
|w 2026-02-23
|
| 952 |
|
|
|a SNK
|b SNK
|y PREZ
|7 0
|p 17A1141847
|o snkSC 163975/príl.
|i snk2015/9912
|8 4
|z Príloha - 1 CD
|0 0
|1 0
|4 0
|d 2015-03-06
|f 1
|l 0
|r 2025-08-28 00:00:00
|w 2026-02-23
|
| 952 |
|
|
|a SNKLM
|b SNKLM
|y PREZ
|7 0
|o snklmDK 7228 SNKLM
|i snklm2015/163
|8 3
|g 10.36
|0 0
|1 0
|4 0
|d 2016-07-15
|l 0
|r 2026-02-23 16:07:01
|w 2026-02-23
|